1707 1741 1487 1695 1800 1675 1179 1068 1467 1523 1905 1094 1058 1458 1439 1364 1189 1648 1567 1539 1818 1200 1242 1221 1931 1015 1556 1001 1591 1255 1436 1176 1724 1303 1167 1658 1056 1981 1126 1006 1948 1892 1132 1118 1353 1754 1992 1415 1755 1006 1560 1907 1522 1915 1089 1704 1943 1541 1489 1800 1031 1632 1484 1740 1765 1161 1411 1941 1955 1580 1776 1081 1881 1795 1280 1211 1148 1336 1890 1872 1822 1979 1099 1165 1774 1098 1029 1267 1801 1279 1656 1394 1334 1436 1806 1878 1340 1860 1775 BCNSPRNW ULIB Ver.6.0+V

เปลี่ยนเป็นภาษาไทย

Change to English
 แสดงรายละเอียดบรรณานุกรม
  กลับหน้าหลัก

Brief Record : Get Marc (ISO 2709) : E-mail record : QR code < ปิดหน้าต่าง
LEADER : 00000nam 2200000uu 4500
001    13399113532
003     ULIB
008    111124s2552||||th 000 0 tha d
020    ^a9789741085996
090    ^aนว.^bล511ล 2552
100 0  ^aณารา
245 00 ^aเลื่อมมุกลายมังกล/^cณารา
250    ^aพิมพ์ครั้งที่ 1
260    ^aกรุงเทพฯ :^bพิมพ์คำ,^c2552
300    ^a372 หน้า
710 1  ^aพิมพ์คำ
945    ^p250^l0^i16422
995    ^aกัณชพร
999    ^aใช้งานได้ทุกระบบ
รายการนี้ยังไม่มีแท็ก
คุณยังไม่ได้ล็อกอิน คุณสามารถมีกิจกรรมร่วมกับเว็บไซต์ได้ แต่ต้องล็อกอินก่อน ::
  ล็อกอิน

รายการสื่อสารสนเทศ

ลำดับที่ ประเภท เลขเรียก/บาร์โค้ด สถานที่ สถานะ
1. นวนิยาย
นวนิยาย
นว. ล511ล 2552  
  Barcode: 16422
ห้องสมุดวิทยาเขตสวรรค์ประชารักษ์
►นวนิยาย
บนชั้น
  ขอยืม

รายการใกล้เคียง
    ผู้แต่ง [ณารา]

BibComment


ยังไม่เคยถูกคอมเมนท์

คอมเมนท์ทรัพยากรรายการนี้
  คอมเมนท์: เลื่อมมุกลายมังก..


 Copyright 2026. Bcnsprnw @Library